Statističeski izsledvanija za ženata pri prechoda kam pazarna ikonomika.
Pri uskutočňovaní prechodu k trhovej ekonomike vznikajú nové procesy a tendencie týkajúce sa aj žien ako objektu štatistického skúmania. Pre skúmanie sociálnej úlohy a správania sa žien sa využíva špeciálne rozpracovaný model, ktorý má objasniť faktoriálne vplyvy a determinanty. Integrovaná sociálno...
Gespeichert in:
| 1. Verfasser: | |
|---|---|
| Weitere Verfasser: | |
| Format: | Buchkapitel |
| Sprache: | Bulgarisch |
| Schlagworte: | |
| Tags: |
Keine Tags, Fügen Sie das erste Tag hinzu!
|
MARC
| LEADER | 00000naa a2200000 4500 | ||
|---|---|---|---|
| 001 | r009364 | ||
| 005 | 20221125115048.3 | ||
| 041 | 0 | |a bul | |
| 044 | |a BG | ||
| 245 | 1 | 0 | |a Statističeski izsledvanija za ženata pri prechoda kam pazarna ikonomika. |c M. Minkov, N. Ilieva |
| 520 | |a Pri uskutočňovaní prechodu k trhovej ekonomike vznikajú nové procesy a tendencie týkajúce sa aj žien ako objektu štatistického skúmania. Pre skúmanie sociálnej úlohy a správania sa žien sa využíva špeciálne rozpracovaný model, ktorý má objasniť faktoriálne vplyvy a determinanty. Integrovaná sociálno-dedmografická štatistika má za cieľ zhodnotiť celkové postavenie žien k danému momentu a zmeny ku ktorým dochádza. | ||
| 610 | 2 | 0 | |a ženy |
| 610 | 2 | 0 | |a hospodárstvo trhové |
| 610 | 2 | 0 | |a transformácia |
| 610 | 2 | 0 | |a BR |
| 610 | 2 | 0 | |a modely štatistické |
| 610 | 2 | 0 | |a politika sociálna |
| 610 | 2 | 0 | |a správanie |
| 610 | 2 | 0 | |a štatistika demografická |
| 610 | 2 | 0 | |a štatistika sociálna |
| 100 | 1 | |a Minkov, M. | |
| 700 | 1 | |a Ilieva, N. | |